000 01310nam a2200301 a 4500
001 ebr10722557
003 CaPaEBR
006 m o u
007 cr cn|||||||||
008 150303s2013 enkao sb 001 0 eng d
020 _z9781118332658
020 _z9781118333037 (e-book)
040 _aCaPaEBR
_cCaPaEBR
035 _a(OCoLC)849928719
050 1 4 _aTH435
_b.O845 2013eb
082 0 4 _a692/.5
_223
100 1 _aOstrowski, Sean D. C.
245 1 0 _aEstimating and cost planning using the new rules of measurement
_h[electronic resource] /
_cSean D.C. Ostrowski.
260 _aChichester, West Sussex, U.K. :
_bWiley-Blackwell,
_cc2013.
300 _a1 online resource (xvii, 194 p.) :
_bill. (some col.), photographs.
504 _aIncludes bibliographical references and index.
533 _aElectronic reproduction.
_bPalo Alto, Calif. :
_cebrary,
_d2015.
_nAvailable via World Wide Web.
_nAccess may be limited to ebrary affiliated libraries.
588 _aDescription based on online resource; title from title page (ebrary, viewed July 5, 2013).
650 0 _aBuilding
_xEstimates.
655 7 _aElectronic books.
_2local
710 2 _aebrary, Inc.
856 4 0 _uhttp://site.ebrary.com/lib/rucke/Doc?id=10722557
_zAn electronic book accessible through the World Wide Web; click to view
999 _c39414
_d39414